[Event "IITU Masters 2019"]
[Site "Almaty"]
[Date "2019.02.26"]
[Round "7.1"]
[White "Zhalmakhanov, Ramazan"]
[Black "Markov, Mikhail"]
[Result "1-0"]
[WhiteElo "2324"]
[BlackElo "2368"]
[Annotator "NA"]
[PlyCount "77"]
[EventDate "2019.02.20"]
[EventType "tourn"]
[EventCountry "KAZ"]
[SourceTitle "playchess.com"]
[Source "ChessBase"]
[SourceQuality "1"]
[TimeControl "5400+30"]

1. e4 {[%emt 0:00:00]} c6 {[%emt 0:04:48]} 2. d4 {[%emt 0:00:00]} d5 {[%emt 0:00:05]} 3. exd5 {[%emt 0:00:06]} cxd5 {[%emt 0:00:03]} 4. c3 {[%emt 0:00:09]} Nc6 {[%emt 0:00:23]} 5. Bd3 {[%emt 0:00:06]} Nf6 {[%emt 0:00:05]} 6. Bf4 {[%emt 0:00:04]} Bg4 {[%emt 0:00:27]} 7. Qb3 {[%emt 0:00:06]} Qd7 {[%emt 0:00:26]} 8. Nd2 {[%emt 0:00:30]} e6 {[%emt 0:00:05]} 9. Ngf3 {[%emt 0:00:27]} Bd6 {[%emt 0:00:12]} 10. Ne5 {[%emt 0:02:31]} Qc7 {[%emt 0:00:05]} 11. Nxg4 {[%emt 0:20:35]} Bxf4 {[%emt 0:04:49]} 12. Nxf6+ {[%emt 0:00:08]} gxf6 {[%emt 0:00:01]} 13. Nf3 {[%emt 0:00:08]} O-O-O {[%emt 0:04:29]} 14. g3 {[%emt 0:09:35]} Bh6 {[%emt 0:09:53]} 15. O-O {[%emt 0:03:39]} f5 {[%emt 0:07:25]} 16. Rae1 {[%emt 0:05:56]} Rhg8 {[%emt 0:01:51]} 17. Qd1 {[%emt 0:00:30]} f4 {[%emt 0:01:22]} 18. Bb5 {[%emt 0:10:00]} Ne7 {[%emt 0:09:24]} 19. Bd3 {[%emt 0:02:15]} Bg5 {[%emt 0:15:37]} 20. Re5 {[%emt 0:08:07]} Bh6 {[%emt 0:14:28]} 21. Rh5 {[%emt 0:05:01]} Bg7 {[%emt 0:00:37]} 22. Rxh7 {[%emt 0:01:19]} f6 {[%emt 0:00:50]} 23. Re1 {[%emt 0:08:10]} e5 {[%emt 0:00:37]} 24. dxe5 {[%emt 0:00:36]} fxe5 {[%emt 0:00:04]} 25. Ng5 {[%emt 0:01:25]} fxg3 {[%emt 0:01:50]} 26. hxg3 {[%emt 0:00:34]} Qb6 {[%emt 0:01:38]} 27. Qg4+ {[%emt 0:10:21]} Kb8 {[%emt 0:03:03]} 28. Qe6 {[%emt 0:00:54]} Nc6 {[%emt 0:03:52]} 29. Nf7 {[%emt 0:02:28]} Rde8 {[%emt 0:01:23]} 30. Qxd5 {[%emt 0:00:57]} Bf8 {[%emt 0:00:38]} 31. Kg2 {[%emt 0:02:14]} Bc5 {[%emt 0:00:16]} 32. Re2 {[%emt 0:00:21]} a5 {[%emt 0:00:00]} 33. Nxe5 {[%emt 0:02:24]} Nxe5 {[%emt 0:03:52]} 34. Rxe5 {[%emt 0:00:15]} Rxe5 {[%emt 0:00:29]} 35. Qxe5+ {[%emt 0:00:21]} Bd6 {[%emt 0:00:05]} 36. Qb5 {[%emt 0:02:00]} Qxb5 {[%emt 0:02:34]} 37. Bxb5 {[%emt 0:00:02]} Bc5 {[%emt 0:00:05]} 38. f4 {[%emt 0:00:49]} Rd8 {[%emt 0:00:06]} 39. Rd7 {[%emt 0:00:06]} 1-0

[Event "IITU Masters 2019"]
[Site "Almaty"]
[Date "2019.02.26"]
[Round "7.2"]
[White "Rakhimzhan, Alen"]
[Black "Askarov, Bakhtiyar"]
[Result "1-0"]
[WhiteElo "2320"]
[BlackElo "2425"]
[Annotator "NA RC"]
[PlyCount "205"]
[EventDate "2019.02.20"]
[EventType "tourn"]
[EventCountry "KAZ"]
[SourceTitle "playchess.com"]
[Source "ChessBase"]
[SourceQuality "1"]
[TimeControl "5400+30"]

1. d4 {[%emt 0:18:40]} Nf6 {[%emt 0:00:00]} 2. c4 {[%emt 0:00:13]} c5 {[%emt 0:00:11]} 3. d5 {[%emt 0:00:10]} b5 {[%emt 0:03:28]} 4. cxb5 {[%emt 0:00:18]} a6 {[%emt 0:00:03]} 5. e3 {[%emt 0:00:15]} g6 {[%emt 0:06:36]} 6. Nc3 {[%emt 0:00:11]} Bg7 {[%emt 0:01:02]} 7. Nf3 {[%emt 0:00:18]} O-O {[%emt 0:00:26]} 8. a4 {[%emt 0:00:09]} e6 {[%emt 0:39:29]} 9. e4 {[%emt 0:02:22]} exd5 {[%emt 0:12:35]} 10. exd5 {[%emt 0:02:21]} Re8+ {[%emt 0:05:19]} 11. Be2 {[%emt 0:00:08]} axb5 {[%emt 0:03:25]} 12. Nxb5 {[%emt 0:00:35]} d6 {[%emt 0:00:54]} 13. O-O {[%emt 0:00:17]} Na6 {[%emt 0:03:09]} 14. Bf4 {[%emt 0:01:10]} Bf8 {[%emt 0:01:22]} 15. Nc3 {[%emt 0:08:09]} Nb4 {[%emt 0:00:45]} 16. Bb5 {[%emt 0:01:25]} Bd7 {[%emt 0:01:11]} 17. Qd2 {[%emt 0:00:19]} Bxb5 {[%emt 0:03:55]} 18. axb5 {[%emt 0:01:33]} Qb6 {[%emt 0:00:18]} 19. Ra3 {[%emt 0:13:09]} Qb7 {[%emt 0:00:46]} 20. Rd1 {[%emt 0:00:39]} Rab8 {[%emt 0:02:51]} 21. h3 {[%emt 0:12:50]} Ne4 {[%emt 0:03:31]} 22. Nxe4 {[%emt 0:00:19]} Rxe4 {[%emt 0:00:04]} 23. Bh6 {[%emt 0:01:07]} Qxb5 {[%emt 0:02:57]} 24. Bxf8 {[%emt 0:00:17]} Rxf8 {[%emt 0:00:02]} 25. Ra7 {[%emt 0:08:08]} Qe2 {[%emt 0:04:21]} 26. Rd7 {[%emt 0:03:12]} Qxd2 {[%emt 0:00:53]} 27. Rxd2 {[%emt 0:00:11]} Ree8 {[%emt 0:00:14]} 28. Rxd6 {[%emt 0:00:40]} Rd8 {[%emt 0:00:03]} 29. Rxd8 {[%emt 0:02:53]} Rxd8 {[%emt 0:00:09]} 30. d6 {[%emt 0:00:08]} f6 {[%emt 0:00:07]} 31. Ne1 {[%emt 0:03:58]} Kf7 {[%emt 0:01:02]} 32. Nc2 {[%emt 0:00:15]} Nc6 {[%emt 0:02:01]} 33. Rd5 {[%emt 0:00:18]} Ke6 {[%emt 0:00:57]} 34. Ne3 {[%emt 0:01:18]} c4 {[%emt 0:00:51]} 35. Rc5 {[%emt 0:01:46]} Ne5 {[%emt 0:00:39]} 36. Nxc4 {[%emt 0:01:35]} Nxc4 {[%emt 0:00:08]} 37. Rxc4 {[%emt 0:00:10]} Rxd6 {[%emt 0:00:03]} 38. Rc2 {[%emt 0:13:46]} Rd1+ {[%emt 0:00:14]} 39. Kh2 {[%emt 0:00:04]} Rd3 {[%emt 0:00:08]} 40. h4 {[%emt 0:02:58]} h5 {[%emt 0:00:12]} 41. g3 {[%emt 0:00:06]} Rb3 {[%emt 0:00:36]} 42. Kg2 {[%emt 0:00:09]} Kf5 {[%emt 0:00:30]} 43. Re2 {[%emt 0:01:58]} g5 {[%emt 0:01:04]} 44. Kh3 {[%emt 0:00:41]} Kg6 {[%emt 0:00:42]} 45. Rd2 {[%emt 0:00:36]} Kf5 {[%emt 0:00:05]} 46. Rc2 {[%emt 0:00:27]} Kg6 {[%emt 0:00:22]} 47. Rd2 {[%emt 0:00:42]} Kf5 {[%emt 0:00:05]} 48. hxg5 {[%emt 0:00:13]} fxg5 {[%emt 0:00:15]} 49. Kh2 {[%emt 0:00:13]} Kg4 {[%emt 0:01:19]} 50. Kg2 {[%emt 0:00:08]} Kf5 {[%emt 0:00:19]} 51. Rc2 {[%emt 0:00:11]} Kg4 {[%emt 0:00:52]} 52. Re2 {[%emt 0:01:20]} Kf5 {[%emt 0:00:21]} 53. Rd2 {[%emt 0:00:12]} Kg4 {[%emt 0:00:06]} 54. Rc2 {[%emt 0:00:06]} Kf5 {[%emt 0:00:05]} 55. Kh3 {[%emt 0:00:17]} Kg6 {[%emt 0:00:20]} 56. Kh2 {[%emt 0:00:43]} Kf5 {[%emt 0:00:06]} 57. Kg2 {[%emt 0:00:05]} Kg4 {[%emt 0:00:06]} 58. f3+ {[%emt 0:00:01]} Kf5 {[%emt 0:00:08]} 59. Rd2 {[%emt 0:00:26]} g4 {[%emt 0:01:32]} 60. f4 {[%emt 0:01:25]} Kg6 {[%emt 0:00:16]} 61. Rc2 {[%emt 0:01:16]} Kf5 {[%emt 0:00:15]} 62. Kf2 {[%emt 0:00:39]} Rf3+ {[%emt 0:00:43]} 63. Kg2 {[%emt 0:00:05]} Rb3 {[%emt 0:00:13]} 64. Rf2 {[%emt 0:00:51]} Kf6 {[%emt 0:00:35]} 65. Re2 {[%emt 0:00:09]} Kf5 {[%emt 0:00:05]} 66. Rd2 {[%emt 0:00:05]} Ke4 {[%emt 0:00:31]} 67. Kf2 {[%emt 0:00:35]} Rf3+ {[%emt 0:00:08]} 68. Kg2 {[%emt 0:00:05]} Rb3 {[%emt 0:00:05]} 69. Kh2 {[%emt 0:00:39]} Kf5 {[%emt 0:00:27]} 70. Kg2 {[%emt 0:00:19]} Ke4 {[%emt 0:00:06]} 71. Rc2 {[%emt 0:00:04]} Kf5 {[%emt 0:00:04]} 72. Rf2 {[%emt 0:00:41]} Kf6 {[%emt 0:00:08]} 73. Rc2 {[%emt 0:01:55]} Kf5 {[%emt 0:00:09]} 74. Rc5+ {[%emt 0:00:36]} Kg6 {[%emt 0:00:54]} 75. Rc6+ {[%emt 0:00:21]} Kf5 {[%emt 0:00:06]} 76. Rc5+ {[%emt 0:00:15]} Kg6 {[%emt 0:00:06]} 77. Kf2 {[%emt 0:00:53]} Rxb2+ {[%emt 0:01:09]} 78. Ke3 {[%emt 0:00:02]} Rb3+ {[%emt 0:00:56]} 79. Ke4 {[%emt 0:00:04]} Rxg3 {[%emt 0:02:58]} 80. Rc6+ {[%emt 0:00:01]} Kf7 {[%emt 0:01:36]} 81. Rc7+ {[%emt 0:01:32]} Ke8 {[%emt 0:01:25]} 82. Rh7 {[%emt 0:01:00]} Rh3 {[%emt 0:00:26]} 83. Ke5 {[%emt 0:00:27]} g3 {[%emt 0:00:51]} 84. Ke6 {[%emt 0:00:19]} Kd8 {[%emt 0:01:50]} 85. Kd6 {[%emt 0:00:13]} Ke8 {[%emt 0:00:18]} 86. Ke6 {[%emt 0:00:02]} Kf8 {[%emt 0:00:31]} 87. Kf6 {[%emt 0:00:14]} Ke8 {[%emt 0:00:38]} 88. Ke6 {[%emt 0:00:10]} Kf8 {[%emt 0:00:21]} 89. Kf6 {[%emt 0:00:02]} Ke8 {[%emt 0:00:39]} 90. Ke6 {[%emt 0:01:12]} Kf8 {[%emt 0:00:22]} 91. Kf6 {[%emt 0:00:52]} Ke8 {[%emt 0:00:06]} 92. Ke6 {[%emt 0:00:20]} Kf8 {[%emt 0:00:06]} 93. Kf6 {[%emt 0:00:46]} Ke8 {[%emt 0:00:07]} 94. Ke6 {[%emt 0:00:04]} Kf8 {[%emt 0:00:12]} 95. Kf6 Kg8 96. Ra7 Rh4 97. Ra8+ Kh7 98. Ra7+ Kh6 99. Ra8 Kh7 100. Ra7+ Kg8 101. Rg7+ Kh8 102. Rxg3 Rxf4+ 103. Kg5 1-0

[Event "IITU Masters 2019"]
[Site "Almaty"]
[Date "2019.02.26"]
[Round "7.3"]
[White "Zubarev, Alexander"]
[Black "Mezentsev, Ivan"]
[Result "1-0"]
[WhiteElo "2494"]
[BlackElo "2298"]
[Annotator "TA"]
[PlyCount "118"]
[EventDate "2019.02.20"]
[EventType "tourn"]
[EventCountry "KAZ"]
[SourceTitle "playchess.com"]
[Source "ChessBase"]
[SourceQuality "1"]

{[%evp 9,118,30,28,22,34,7,33,31,75,51,71,73,55,64,64,57,72,70,68,61,59,52,72,48,73,54,54,58,70,5,64,33,29,3,75,75,118,36,91,34,29,38,29,29,42,24,28,0,13,0,23,20,41,51,186,186,499,509,500,491,458,333,314,314,306,303,364,344,368,386,369,382,361,347,600,600,586,572,947,923,837,756,697,676,2423,1587,1611,2503,2483,2473,2372,2513,1968,1180,1439,1454,1178,1032,3385,3311,2528,2214,29978,29979,29979,29980,29979,29981,29981,29982,29981]} 1. d4 d5 2. c4 e6 3. Nc3 a6 4. cxd5 exd5 5. Nf3 Nf6 6. Bg5 {D37: Queen's Gambit Declined: 5 Bf4} Be6 7. Qb3 {Black must now prevent Bxf6.} (7. e3 Nbd7 8. Bd3 Bd6 9. O-O c6 10. Qc2 Qc7 11. Rfe1 O-O 12. a3 Bg4 13. Bh4 Bh5 {0-1 (35) Mamedyarov,S (2817)-Maghsoodloo,P (2688) St Petersburg 2018}) 7... b6 8. e3 {White is slightly better.} Nbd7 9. Ne5 (9. Bxf6 $5 gxf6 10. Bd3 $16) 9... Bd6 $146 ({Predecessor:} 9... h6 10. Bxf6 Nxf6 11. Bxa6 Bd6 12. Bb7 Bxe5 13. Bxa8 Qxa8 14. dxe5 {1-0 (63) Li,R (2351)-Buksa,N (2385) Riadh 2017}) 10. Nxd7 Qxd7 11. Bxf6 gxf6 12. g3 b5 13. Bg2 c6 14. Ne2 {[%cal Bc3e2,Be2c1,Bc1d3,Bd3c5][%mdl 32]} O-O 15. O-O Rac8 16. Rfd1 Kh8 17. Nc1 Rg8 18. Nd3 Bh3 19. Bh1 (19. Qc2 $14) 19... Rg6 (19... h5 $11) 20. Nc5 Qe7 21. Qc3 f5 {[#]} (21... Rcg8 $11 {remains equal.}) 22. Nd3 $1 $16 ({Much weaker is} 22. Nxa6 Rcg8 $11) 22... Qc7 23. f4 ({White should play} 23. Rdc1 $16) 23... Bg4 ({Better is} 23... Qe7 $14) 24. Re1 (24. Rdc1 $16) 24... h5 $14 25. Ne5 Bxe5 26. dxe5 h4 27. Kf2 Kh7 28. Rac1 Rd8 29. Rc2 Qe7 30. Qc5 $36 {[%mdl 2048] White has the initiative.} Qb7 31. Rg1 Re8 (31... Rh6 $14) 32. gxh4 $18 {Threatens to win with h3!} Qb8 $2 {[#]} (32... Rh6 33. Rg3 Qe7) 33. h3 $1 {[%mdl 512]} Bh5 (33... Bxh3 34. Rxg6) 34. Rxg6 Bxg6 35. Qxc6 Qd8 36. Qf6 ({Stronger than} 36. Qxa6 Qxh4+ 37. Kg2 Rxe5 $11) 36... Qxf6 37. exf6 {[%mdl 4096] Endgame KRB-KRB} Rd8 38. Rd2 Rd6 39. Bf3 Kh6 40. Rxd5 Rxf6 41. b4 Rc6 $2 (41... Bh5 42. Bg2 Bg6) 42. Rc5 Rd6 43. h5 Bxh5 44. Rc6 Rg6 45. Rxg6+ fxg6 {KB-KB} 46. Bb7 Bd1 47. h4 Ba4 48. Bxa6 Kh5 49. Kg3 Kh6 50. Bb7 Bc2 51. Bf3 Bd3 52. Kf2 Bc4 53. a3 Bb3 54. Be2 Ba4 55. Ke1 Kg7 56. Bd1 {White mates.} Bxd1 57. Kxd1 Kf6 58. Kc2 Ke6 59. Kb3 Kd5 {Accuracy: White = 57%, Black = 31%.} 1-0

[Event "IITU Masters 2019"]
[Site "Almaty"]
[Date "2019.02.26"]
[Round "7.4"]
[White "Tologontegin, Semetey"]
[Black "Daurimbetov, A."]
[Result "1-0"]
[WhiteElo "2372"]
[BlackElo "2287"]
[Annotator "NA"]
[PlyCount "103"]
[EventDate "2019.02.20"]
[EventType "tourn"]
[EventCountry "KAZ"]
[SourceTitle "playchess.com"]
[Source "ChessBase"]
[SourceQuality "1"]
[TimeControl "5400+30"]

1. c4 {[%emt 0:00:00]} c6 {[%emt 0:09:55]} 2. Nf3 {[%emt 0:01:18]} d5 {[%emt 0:00:05]} 3. e3 {[%emt 0:00:06]} Nf6 {[%emt 0:00:10]} 4. Nc3 {[%emt 0:00:19]} a6 {[%emt 0:00:09]} 5. b3 {[%emt 0:08:22]} Bg4 {[%emt 0:00:58]} 6. Be2 {[%emt 0:00:48]} e6 {[%emt 0:00:18]} 7. h3 {[%emt 0:04:26]} Bh5 {[%emt 0:00:15]} 8. g4 {[%emt 0:00:27]} Bg6 {[%emt 0:00:02]} 9. Ne5 {[%emt 0:05:42]} Nbd7 {[%emt 0:01:54]} 10. Nxg6 {[%emt 0:01:00]} hxg6 {[%emt 0:00:05]} 11. Bb2 {[%emt 0:01:36]} Bd6 {[%emt 0:00:17]} 12. d4 {[%emt 0:01:20]} Bb4 {[%emt 0:00:46]} 13. Kf1 {[%emt 0:01:56]} Bxc3 {[%emt 0:05:10]} 14. Bxc3 {[%emt 0:00:57]} Ne4 {[%emt 0:00:06]} 15. Be1 {[%emt 0:00:16]} Qg5 {[%emt 0:00:22]} 16. Kg2 {[%emt 0:09:01]} f5 {[%emt 0:01:40]} 17. h4 {[%emt 0:03:51]} Qh6 {[%emt 0:02:22]} 18. f3 {[%emt 0:00:38]} Nd6 {[%emt 0:03:34]} 19. Bg3 {[%emt 0:01:04]} Nf7 {[%emt 0:00:49]} 20. g5 {[%emt 0:00:41]} Qh7 {[%emt 0:00:07]} 21. e4 {[%emt 0:00:31]} O-O {[%emt 0:01:55]} 22. cxd5 {[%emt 0:05:20]} exd5 {[%emt 0:07:24]} 23. exd5 {[%emt 0:00:28]} cxd5 {[%emt 0:01:18]} 24. Rc1 {[%emt 0:00:15]} f4 {[%emt 0:00:27]} 25. Bxf4 {[%emt 0:08:28]} Nh6 {[%emt 0:02:58]} 26. Bg3 {[%emt 0:09:07]} Nf5 {[%emt 0:00:11]} 27. Bf2 {[%emt 0:00:06]} Rf7 {[%emt 0:01:41]} 28. Rc7 {[%emt 0:03:15]} Nf8 {[%emt 0:02:50]} 29. Rxf7 {[%emt 0:07:19]} Kxf7 {[%emt 0:04:05]} 30. Qd2 {[%emt 0:00:02]} Ne6 {[%emt 0:00:21]} 31. f4 {[%emt 0:00:18]} Re8 {[%emt 0:10:22]} 32. Bf3 {[%emt 0:02:23]} Rd8 {[%emt 0:01:33]} 33. h5 {[%emt 0:10:01]} gxh5 {[%emt 0:00:22]} 34. Rxh5 {[%emt 0:00:07]} Qg8 {[%emt 0:00:04]} 35. g6+ {[%emt 0:03:17]} Kxg6 {[%emt 0:00:19]} 36. Bg4 {[%emt 0:04:19]} Rf8 {[%emt 0:00:16]} 37. Kg1 {[%emt 0:00:32]} Rf6 {[%emt 0:02:00]} 38. Qc2 {[%emt 0:01:24]} Qf8 {[%emt 0:00:53]} 39. Be3 {[%emt 0:00:24]} a5 {[%emt 0:02:08]} 40. a4 {[%emt 0:00:35]} b6 {[%emt 0:00:39]} 41. Kh1 {[%emt 0:02:01]} Rf7 {[%emt 0:01:25]} 42. Rh3 {[%emt 0:01:57]} Qb4 {[%emt 0:02:56]} 43. Bd2 {[%emt 0:00:46]} Nexd4 {[%emt 0:02:14]} 44. Bxf5+ {[%emt 0:03:18]} Rxf5 {[%emt 0:00:09]} 45. Rg3+ {[%emt 0:00:07]} Kh6 {[%emt 0:02:09]} 46. Rh3+ {[%emt 0:00:12]} Kg6 {[%emt 0:00:05]} 47. Qd3 {[%emt 0:00:40]} Qc5 {[%emt 0:02:02]} 48. Bc3 {[%emt 0:00:51]} Ne2 {[%emt 0:03:54]} 49. Qxe2 {[%emt 0:00:17]} d4 {[%emt 0:00:16]} 50. Qe6+ {[%emt 0:00:59]} Rf6 {[%emt 0:00:05]} 51. Qe8+ {[%emt 0:00:31]} Rf7 {[%emt 0:00:02]} 52. Rg3+ {[%emt 0:00:35] b5} 1-0

[Event "IITU Masters 2019"]
[Site "Almaty"]
[Date "2019.02.26"]
[Round "7.5"]
[White "Igambergenov, Alibek"]
[Black "Khusenkhojaev, Muhammad"]
[Result "1/2-1/2"]
[WhiteElo "2309"]
[BlackElo "2441"]
[Annotator "TA"]
[PlyCount "76"]
[EventDate "2019.02.20"]
[EventType "tourn"]
[EventCountry "KAZ"]
[SourceTitle "playchess.com"]
[Source "ChessBase"]
[SourceQuality "1"]

{[%evp 20,76,0,0,0,14,21,0,0,0,0,0,0,0,0,-5,0,0,0,0,0,0,0,-7,-8,-25,-10,-34,-36,-32,-27,-29,-10,-14,4,4,4,4,4,0,0,0,0,0,0,0,0,0,0,0,0,0,0,0,0,0,0,0,0]} 1. Nf3 Nf6 2. c4 c5 3. g3 g6 4. Bg2 d5 5. cxd5 Nxd5 6. Nc3 Bg7 7. O-O Nc6 8. Nxd5 Qxd5 9. d3 O-O 10. Be3 Bxb2 11. Rb1 Bf6 {A38: Symmetrical English vs ...g6: 4 Bg2 Bg7 5 Nf3 Nf6} (11... Qxa2 $2 12. Qd2 $18) 12. Qa4 Qh5 (12... Qd7 13. Bxc5 b6 14. Be3 Nd4 15. Qd1 Bb7 16. Bxd4 Bxd4 17. Nxd4 Bxg2 18. Kxg2 Qxd4 19. Qb3 {½-½ (30) Wang,H (2713)-Wei,Y (2706) China 2015}) 13. Qb5 $146 ({Predecessor:} 13. h4 a6 14. Rfe1 Rb8 15. Rbc1 b5 16. Qe4 Nd4 17. Nxd4 cxd4 18. Bxd4 Bb7 19. Qe3 Bxd4 20. Qxd4 Bxg2 21. Kxg2 {0-1 (55) Barez Menendez,H (2161)-Cano Cabanillas,J (1954) San Sebastian 2011}) 13... Nb4 14. Nd2 Nxa2 ({Not} 14... Qxe2 $2 15. Bf3 $18) 15. Ne4 $1 {[%cal Re4f6]} Nc3 16. Nxc3 Bxc3 17. Qxc5 Bf6 18. Qxh5 gxh5 19. Bc5 a5 {[%cal Ba7a5,Ba5a4,Ba4a3,Ba3a2][%mdl 32]} 20. d4 Rd8 21. e3 a4 22. f4 a3 23. Bxb7 Bxb7 24. Rxb7 a2 25. Ra1 Rd5 26. Rb5 $1 {The position is equal.} e5 (26... e6 {looks sharper.} 27. Kf1 Kg7 28. Ke2 Kg6 29. Kd3 Be7) 27. fxe5 Bxe5 28. dxe5 Rxe5 29. Rxa2 Rxa2 $11 {[%mdl 4096] Endgame KRR-KRB} 30. Rb8+ Kg7 31. Bd4 f6 {[#] Strongly threatening ...Rf5.} 32. Rb7+ Kg6 {And now ...Re6 would win.} 33. Bxe5 fxe5 {KR-KR} 34. Re7 Kf6 35. Rxh7 Kg6 36. Rh8 Re2 37. h4 Rxe3 38. Kf2 Ra3 {Accuracy: White = 67%, Black = 73%.} 1/2-1/2